Might Delete Later Tracklist (J. Cole) - Statistics

General Stats
  • This quiz has been taken 41 times
  • The average score is 7 of 11
Answer Stats
Hint Answer % Correct
1 (ft Ari Lennox +2 more) Pricey
85%
8 (ft Ab-Soul, Daylyt) Pi
76%
5 (ft Bas, Central Cee) H.Y.B.
74%
3 (ft Cam'ron) Ready '24
71%
11 Trae The Truth in Ibiza
71%
4 Huntin' Wabbitz
68%
2 Crocodile Tearz
65%
6 Fever
62%
9 (ft Bas) Stealth Mode
59%
7 Stickz N Stonez
50%
10 3001
47%
No matching quizzes found
Score Distribution
Percent of People with Each Score
Percentile by Number Answered
Your Score History
You have not taken this quiz